Statistics for Groups of Things - Air Travel

Click here to take the quiz!

General Stats

  • This quiz has been taken 164 times
  • The average score is 22 of 49

Answer Stats

HintAnswer% Correct
Main New York AirportsKennedy
89%
Largest AirportsLondon-Heathrow
87%
Largest Airlines by ContinentAmerican Airlines
83%
Largest Airlines in USAmerican Airlines
83%
Cities with 5+ AirportsLondon
81%
Largest Airlines in USDelta Air Lines
77%
Main New York AirportsLaGuardia
68%
Largest Airlines in USUnited Airlines
68%
Qantas HubsSydney
67%
Largest AirportsTokyo-Haneda
67%
Main New York AirportsNewark Liberty
65%
Largest Airlines by ContinentQantas
60%
Standard Long Haul ClassesFirst
58%
Qantas HubsMelbourne
58%
Cities with 5+ AirportsNew York
58%
Largest Airlines in USSouthwest Airlines
57%
Standard Long Haul ClassesBusiness
56%
Standard Long Haul ClassesEconomy
55%
Qantas HubsPerth
53%
Largest AirportsAtlanta-Hartsfield Jackson
52%
Largest AirportsChicago-O'Hare
52%
Cities with 5+ AirportsLos Angeles
52%
Largest AirportsLos Angeles
52%
Largest AirportsBeijing-Capital
49%
Qantas HubsBrisbane
48%
Largest AirportsDubai
41%
Qantas HubsDubai
41%
Main Tokyo AirportsNarita
40%
Qantas HubsAdelaide
37%
Largest Airlines by ContinentRyanAir
37%
Main Airline AlliancesStar Alliance
36%
Commercial QuadjetsBoeing 747
35%
Main Tokyo AirportsHaneda
34%
Largest Airlines in USAlaska Airlines
32%
Largest Airlines in USJetBlue Airways
31%
Largest AirportsHong Kong
30%
Main Airline AlliancesOneWorld
30%
Standard Long Haul ClassesPremium Economy
27%
Commercial QuadjetsAirbus A380
25%
Largest Airlines by ContinentLATAM
20%
Largest Airlines by ContinentEgyptAir
18%
Main Airline AlliancesSkyTeam
17%
Commercial QuadjetsAirbus A340
15%
Largest Airlines by ContinentChina Southern
14%
Main Engine TypesTurboprop
14%
Commercial QuadjetsBoeing 707
10%
Main Engine TypesTurbofan
8%
Main Engine TypesTurbojet
7%
Cities with 5+ AirportsVancouver
5%

Score Distribution

Percentile by Number Answered

Percent of People with Each Score

Your Score History

You have not taken this quiz